Loading...
| Mythology | 0 | 4 | 0 | 0 | 40 | 70 | 85.00 | 0 | 1 | 0.00 | 0.00 |
| Fine Arts - Other | 0 | 4 | 0 | 1 | 40 | 55 | 83.25 | 0 | 2 | 0.00 | 0.00 |
| History - European | 0 | 3 | 0 | 2 | 30 | 25 | 50.00 | 2 | 2 | 0.00 | 0.00 |
| Literature - World | 0 | 3 | 0 | 0 | 30 | 63 | 89.67 | 0 | 0 | 0.00 | 0.00 |
| History - World | 0 | 3 | 0 | 0 | 30 | 46 | 51.33 | 0 | 2 | 0.00 | 0.00 |
| Fine Arts - Classical Music | 0 | 3 | 0 | 0 | 30 | 98 | 108.33 | 0 | 1 | 0.00 | 0.00 |
| Current Events | 0 | 2 | 0 | 1 | 20 | 63 | 80.00 | 0 | 2 | 0.00 | 0.00 |
| Fine Arts - Painting and Sculpture | 0 | 2 | 0 | 0 | 20 | 86 | 87.50 | 0 | 0 | 0.00 | 0.00 |
| History - Other | 0 | 3 | 2 | 0 | 20 | 31 | 70.00 | 0 | 0 | 0.00 | 0.00 |
| History - American | 0 | 2 | 1 | 1 | 15 | 83 | 95.50 | 0 | 0 | 0.00 | 0.00 |
| Social Science | 0 | 1 | 0 | 1 | 10 | 67 | 67.00 | 0 | 0 | 0.00 | 0.00 |
| Geography | 0 | 1 | 0 | 1 | 10 | 113 | 113.00 | 0 | 0 | 0.00 | 0.00 |
| Literature - American | 0 | 1 | 0 | 0 | 10 | 102 | 102.00 | 0 | 0 | 0.00 | 0.00 |
| Literature - European | 0 | 1 | 0 | 0 | 10 | 67 | 67.00 | 0 | 1 | 0.00 | 0.00 |
| Science - Biology | 0 | 1 | 0 | 0 | 10 | 57 | 57.00 | 1 | 1 | 0.00 | 0.00 |
| Literature - British | 0 | 1 | 1 | 0 | 5 | 84 | 84.00 | 0 | 0 | 0.00 | 0.00 |
| Science - Other | 0 | 1 | 1 | 0 | 5 | 111 | 111.00 | 0 | 0 | 0.00 | 0.00 |
| Religion | 0 | 1 | 1 | 0 | 5 | 60 | 60.00 | 0 | 0 | 0.00 | 0.00 |